Mapping biophysical factors that influence agricultural production and rural vulnerability

Na minha lista:
Detalhes bibliográficos
Autor principal: Velthuizen, Harrij van ... [et al.]
Autor Corporativo: FAO
Formato: Livro
Idioma:Undetermined
Assuntos:
Tags: Adicionar Tag
Sem tags, seja o primeiro a adicionar uma tag!
Thư viện lưu trữ: Trung tâm Học liệu Trường Đại học Cần Thơ
LEADER 00592nam a2200157Ia 4500
001 CTU_130421
008 210402s9999 xx 000 0 und d
082 |a 333.7313028 
082 |b M297 
100 |a Velthuizen, Harrij van ... [et al.] 
110 |a FAO 
245 0 |a Mapping biophysical factors that influence agricultural production and rural vulnerability 
245 0 |c Velthuizen, Harrij van ... [et al.], FAO 
650 |a Land use mapping.,Sustainable development.,Sustainable agriculture.,Land use, Rural. 
904 |i Minh 
980 |a Trung tâm Học liệu Trường Đại học Cần Thơ